| 000 | 01041nam a2200337 a 4500 | ||
|---|---|---|---|
| 001 | 028 | ||
| 003 | 000044283 | ||
| 005 | 20180220154752.0 | ||
| 007 | BPMSU | ||
| 008 | 140612s 1992 sp a 000 0 spa d | ||
| 020 | _a8434816016 | ||
| 040 |
_aBPMSU _bspa _cBPMSU |
||
| 092 |
_axxxxxx _bxxxxxx |
||
| 100 | 1 | _aO´Brien, Robert C. | |
| 240 | 1 | _aMrs. Frsby and the rats of Nimh | |
| 245 | 1 | 0 |
_aLa señora Frisby y las ratas de Nimh / _cRobert C. O´Brien ; traducción Javier Sainz de Robles ; ilustraciones Marina Seoane |
| 250 | _a8a. ed. | ||
| 260 |
_aMadrid : _bSM, _c1992. |
||
| 300 |
_a195. : _bil. ; _c19 cm. |
||
| 490 | 1 |
_aEl barco de vapor _aSerie Naranja _v34 |
|
| 521 | _aA partir de 9 años. | ||
| 700 | 1 |
_etrad. _aSainz de Robles, Javier |
|
| 700 | 1 |
_eil. _aSeoane, Marina |
|
| 830 | 0 |
_aEl barco de vapor _pSerie Naranja _v34 |
|
| 942 |
_2ddc _cBK |
||
| 945 | _aInventariado, 2018/ YL | ||
| 956 |
_aDGARCIA _b10 |
||
| 956 |
_aDGARCIA _b10 |
||
| 956 |
_b10 _lBND01 _h1130 |
||
| 956 |
_aBTAVAREZ _b10 _c20140612 _lBND01 _h1329 |
||
| 999 |
_c8327 _d8327 |
||